Manual para el desarrollo de la creatividad en la educación universitaria : estrategias y herramientas para los educadores que deseen fomentar la creatividad en sus estudiantes /

Detalles Bibliográficos
Autor principal: Manzi Puertas, Mario Andrés (Autor)
Formato: Electrónico eBook
Lenguaje:español
Publicado: Bogotá : Editorial Pontificia Universidad Javeriana, [2024]
Edición:Primera edición.
Materias:
Acceso en línea:Digitalia Hispánica

MARC

LEADER 00000nam a2200000Ii 4500
001 DIGEPUJ0478
003 NyNyDIG
006 m o d
007 cr |||||||||||
008 250103s2024 ck ob 000 0 spa d
035 |a (OCoLC)1479641153 
040 |a DGITA  |b eng  |e rda  |e pn  |c DGITA 
020 |a 9789587819496  |q (digital) 
024 7 |a https://doi.org/10.11144/Javeriana.9789587819496  |2 doi 
050 1 4 |a LB2395.35 ebook 
245 0 0 |a Manual para el desarrollo de la creatividad en la educación universitaria :  |b estrategias y herramientas para los educadores que deseen fomentar la creatividad en sus estudiantes /  |c Mario Andrés Manzi Puertas [and 3 others]. 
250 |a Primera edición. 
264 1 |a Bogotá :  |b Editorial Pontificia Universidad Javeriana,  |c [2024] 
300 |a 1 online resource. 
336 |a text  |b txt  |2 rdacontent 
337 |a computer  |b c  |2 rdamedia 
338 |a online resource  |b cr  |2 rdacarrier 
347 |a text file  |2 rdaft 
347 |b PDF 
504 |a Includes bibliographical references. 
588 0 |a Online resource; title from PDF title page (Digitalia, viewed January 3, 2025) 
650 0 |a Creative ability. 
650 0 |a Creative teaching. 
650 0 |a Creative ability  |x Study and teaching (Higher) 
650 0 |a Creationism  |x Study and teaching. 
700 1 |a Manzi Puertas, Mario Andrés,  |e author. 
791 2 |a Digitalia (Firm),  |e distributor. 
793 0 |g Digitalia eBook Collection:  |a Pontificia Universidad Javeriana 
856 4 0 |3 Digitalia Hispánica  |u https://www.digitaliapublishing.com/a/169987/ 
910 |a Premium collection: 2025